[Event "Dvorkovich Memorial op"]
[Site "Taganrog"]
[Date "2018.01.15"]
[Round "1"]
[White "Karapetrov, Eldar"]
[Black "Chernyavsky, Alexander"]
[Result "0-1"]
[WhiteElo "1631"]
[BlackElo "2326"]
[PlyCount "43"]
[EventDate "2018.01.15"]
[EventType "swiss"]
[EventRounds "9"]
[EventCountry "RUS"]
[SourceTitle "CBM 182 Extra"]
[Source "ChessBase"]
[SourceDate "2018.02.23"]
[SourceVersion "1"]
[SourceVersionDate "2018.02.23"]
[SourceQuality "1"]

1. e4 c5 2. Nc3 Nc6 3. Nf3 e5 4. Bc4 g6 5. d3 Bg7 6. Be3 Nd4 7. Bxd4 cxd4 8. Nd5 Ne7 9. c3 dxc3 10. bxc3 Nc6 11. 0-0 0-0 12. Qb3 d6 13. h3 h6 14. Rad1 Kh7 15. Kh1 f5 16. Qb2 fxe4 17. dxe4 Bxh3 18. Qxb7 Na5 19. Qc7 Nxc4 20. Qxc4 Rxf3 21. gxf3 Qh4 22. Ra1 0-1